[Event "Remote-ch Class2 Gr.A email"]
[Site "Remote email"]
[Date "2014.04.20"]
[Round "?"]
[White "Wittig, Frank"]
[Black "Hauswald, Frank"]
[Result "1-0"]
[WhiteElo "2293"]
[BlackElo "2069"]
[PlyCount "85"]
[EventDate "2014.??.??"]
[EventType "tourn (corr)"]
[EventRounds "10"]
[EventCountry "GER"]
[SourceTitle "Corr 2015"]
[Source "ChessBase"]
[SourceDate "2015.07.17"]
[SourceVersion "1"]
[SourceVersionDate "2015.07.17"]
[SourceQuality "1"]

1. e4 e5 2. Nf3 Nc6 3. Bc4 Nf6 4. Ng5 d5 5. exd5 Na5 6. Bb5+ Bd7 7. Qe2 Bd6 8. Nc3 0-0 9. Bxd7 Qxd7 10. a3 h6 11. Nge4 Nxe4 12. Nxe4 b6 13. b4 Nb7 14. Bb2 c6 15. 0-0 cxd5 16. Nxd6 Qxd6 17. Bxe5 Qe6 18. Rae1 Rfe8 19. Qd3 f6 20. Bf4 Qxe1 21. Be3 Qxf1+ 22. Kxf1 Rad8 23. Qa6 Nd6 24. Qxa7 d4 25. Bf4 g5 26. Bxd6 Rxd6 27. g3 g4 28. Qc7 Ree6 29. a4 Rc6 30. Qf4 h5 31. Qxd4 Rxc2 32. Qd5 Rcc6 33. Qxh5 Rc4 34. Qd5 Rce4 35. d3 R4e5 36. Qd7 Kf8 37. d4 Re4 38. Kg2 Re7 39. Qd8+ Kf7 40. Qxb6 Rd7 41. d5 Rxd5 42. Qb7+ Ke6 43. a5 1-0

[Event "Remote-ch Gr.A email"]
[Site "Remote email"]
[Date "2014.02.01"]
[Round "?"]
[White "Galje, Hans"]
[Black "Hauswald, Frank"]
[Result "1-0"]
[WhiteElo "2339"]
[BlackElo "2065"]
[PlyCount "61"]
[EventDate "2014.??.??"]
[EventType "tourn (corr)"]
[EventRounds "6"]
[EventCountry "GER"]
[SourceTitle "Corr 2015"]
[Source "ChessBase"]
[SourceDate "2015.07.17"]
[SourceVersion "1"]
[SourceVersionDate "2015.07.17"]
[SourceQuality "1"]

1. d4 Nf6 2. c4 e6 3. Nc3 Bb4 4. e3 0-0 5. Bd3 d5 6. Nf3 Nbd7 7. 0-0 c6 8. Qc2 b6 9. Ne5 Nxe5 10. dxe5 dxc4 11. Bxc4 Nd5 12. Bd3 h6 13. Ne2 Bc5 14. a3 a5 15. Bd2 Ba6 16. Bxa6 Rxa6 17. Rad1 f5 18. b4 axb4 19. axb4 Bxb4 20. Bxb4 Nxb4 21. Qc4 Qe7 22. Rd6 c5 23. Nf4 Qf7 24. Nxe6 Re8 25. Rfd1 Kh8 26. h3 g5 27. f4 gxf4 28. Qxf4 Rxe6 29. Rd8+ Kg7 30. R1d7 Ra1+ 31. Kh2 1-0

[Event "Remote-ch Gr.A email"]
[Site "Remote email"]
[Date "2014.02.01"]
[Round "?"]
[White "Hauswald, Frank"]
[Black "Vetter, Udo"]
[Result "1-0"]
[WhiteElo "2069"]
[BlackElo "1727"]
[PlyCount "71"]
[EventDate "2014.??.??"]
[EventType "tourn (corr)"]
[EventRounds "6"]
[EventCountry "GER"]
[SourceTitle "Corr 2015"]
[Source "ChessBase"]
[SourceDate "2015.07.17"]
[SourceVersion "1"]
[SourceVersionDate "2015.07.17"]
[SourceQuality "1"]

1. e4 c5 2. Nf3 Nc6 3. d3 d6 4. Nc3 g6 5. d4 cxd4 6. Nxd4 Bd7 7. Bc4 Bg7 8. Be3 Nf6 9. 0-0 0-0 10. h3 a6 11. Qd2 Rc8 12. Bd3 Nh5 13. Nxc6 Bxc6 14. Rfd1 Qa5 15. Nd5 Qxd2 16. Nxe7+ Kh8 17. Rxd2 Rc7 18. Nxc6 Rxc6 19. g4 Nf6 20. Rad1 Rd8 21. f3 b5 22. c3 Ne8 23. Bc2 Be5 24. Bb3 Kg7 25. Bd5 Rcc8 26. f4 Bf6 27. g5 Be7 28. Kf2 Nc7 29. Bb6 Re8 30. Bc6 Rf8 31. Bd7 Rcd8 32. Bg4 Ne6 33. Bxd8 Rxd8 34. Kf3 Nc5 35. e5 d5 36. Rxd5 1-0

[Event "Remote S7E Starter-53 email"]
[Site "Remote email"]
[Date "2014.01.26"]
[Round "?"]
[White "Mantau, Jan"]
[Black "Hauswald, Frank"]
[Result "0-1"]
[WhiteElo "2049"]
[BlackElo "2065"]
[PlyCount "84"]
[EventDate "2014.??.??"]
[EventType "tourn (corr)"]
[EventRounds "6"]
[EventCountry "GER"]
[SourceTitle "Corr 2015"]
[Source "ChessBase"]
[SourceDate "2015.07.17"]
[SourceVersion "1"]
[SourceVersionDate "2015.07.17"]
[SourceQuality "1"]

1. e4 e5 2. Nf3 Nc6 3. Bc4 Nf6 4. d4 exd4 5. 0-0 Nxe4 6. Re1 d5 7. Bxd5 Qxd5 8. Nc3 Qa5 9. Nxe4 Be7 10. Bg5 f6 11. Nxf6+ gxf6 12. Bxf6 Rf8 13. Bxe7 Nxe7 14. Qxd4 Qb6 15. Qh4 Qf6 16. Qxh7 Bf5 17. Qh5+ Qf7 18. Qh4 Rg8 19. Re5 Kf8 20. Rae1 Re8 21. Ng5 Qg6 22. f4 Qb6+ 23. Kh1 Qg6 24. c4 Rg7 25. b4 Kg8 26. R1e3 Bd7 27. Qe1 Qf6 28. g3 Qc6+ 29. Kg1 Qb6 30. c5 Qf6 31. Qe2 a6 32. Qc4+ Kh8 33. Re1 Rf8 34. Ne6 Qf7 35. Qe4 Bxe6 36. Rxe6 Nc6 37. Kh1 Qh5 38. Kg2 Rh7 39. h4 Rg8 40. Re8 Qg4 41. Rxg8+ Qxg8 42. a4 Re7 0-1

[Event "Remote S7E Schnell-99 email"]
[Site "Remote email"]
[Date "2013.11.17"]
[Round "?"]
[White "Decking, Lutz"]
[Black "Hauswald, Frank"]
[Result "0-1"]
[WhiteElo "2128"]
[BlackElo "2099"]
[PlyCount "62"]
[EventDate "2013.??.??"]
[EventType "tourn (corr)"]
[EventRounds "6"]
[EventCountry "GER"]
[SourceTitle "Corr 2015"]
[Source "ChessBase"]
[SourceDate "2015.07.17"]
[SourceVersion "1"]
[SourceVersionDate "2015.07.17"]
[SourceQuality "1"]

1. d4 d5 2. c4 e6 3. Nc3 c6 4. Nf3 Nf6 5. e3 Nbd7 6. Bd3 dxc4 7. Bxc4 b5 8. Bd3 Bb7 9. 0-0 a6 10. e4 c5 11. d5 c4 12. Bc2 e5 13. Qe2 Bd6 14. a4 b4 15. Nd1 a5 16. Ne3 Nb6 17. Nd2 c3 18. bxc3 bxc3 19. Ndc4 Nxc4 20. Nxc4 Ba6 21. Nxd6+ Qxd6 22. Bd3 Nd7 23. Ba3 Bxd3 24. Qxd3 Qc7 25. Rfc1 Rc8 26. Rab1 Qc4 27. Qf3 h6 28. Rc2 Nf6 29. Qf5 Kd8 30. Rb6 Qd4 31. Rxf6 Qd1# 0-1

[Event "Remote S7E Starter-49 email"]
[Site "Remote email"]
[Date "2013.11.09"]
[Round "?"]
[White "Haas, Rainer Leo"]
[Black "Hauswald, Frank"]
[Result "0-1"]
[WhiteElo "2118"]
[BlackElo "2069"]
[PlyCount "96"]
[EventDate "2013.??.??"]
[EventType "tourn (corr)"]
[EventRounds "6"]
[EventCountry "GER"]
[SourceTitle "Corr 2015"]
[Source "ChessBase"]
[SourceDate "2015.07.17"]
[SourceVersion "1"]
[SourceVersionDate "2015.07.17"]
[SourceQuality "1"]

1. e4 e5 2. Nf3 Nc6 3. Bc4 Bc5 4. c3 Nf6 5. d3 d6 6. 0-0 0-0 7. Bb3 a6 8. Nbd2 Ba7 9. h3 Be6 10. Re1 h6 11. Nf1 Re8 12. Bxe6 Rxe6 13. Be3 Bxe3 14. Nxe3 Ne7 15. g3 Qd7 16. Kg2 Rd8 17. a3 d5 18. c4 dxe4 19. dxe4 Nxe4 20. Ng4 Qxd1 21. Raxd1 Rxd1 22. Rxd1 Nd6 23. Ngxe5 f6 24. Nd3 Nxc4 25. Rc1 b5 26. b3 Na5 27. Nc5 Rd6 28. Kf1 g6 29. Ke2 Kf7 30. h4 Nf5 31. a4 h5 32. Ne4 Rc6 33. Rxc6 Nxc6 34. axb5 axb5 35. Nc3 Ncd4+ 36. Nxd4 Nxd4+ 37. Kd3 Nxb3 38. Nxb5 c6 39. Nc3 Ke6 40. Nd1 Kd6 41. f3 Nc5+ 42. Kc4 Nd7 43. f4 Nb6+ 44. Kd3 c5 45. Nc3 f5 46. Nb5+ Kc6 47. Nc3 Nd5 48. Nb1 Nf6 0-1

[Event "Remote S7E Basic-70 email"]
[Site "Remote email"]
[Date "2013.10.25"]
[Round "?"]
[White "Gottwald, Bernhard"]
[Black "Hauswald, Frank"]
[Result "0-1"]
[WhiteElo "1848"]
[BlackElo "2079"]
[PlyCount "56"]
[EventDate "2013.??.??"]
[EventType "tourn (corr)"]
[EventRounds "6"]
[EventCountry "GER"]
[SourceTitle "Corr 2015"]
[Source "ChessBase"]
[SourceDate "2015.07.17"]
[SourceVersion "1"]
[SourceVersionDate "2015.07.17"]
[SourceQuality "1"]

1. d4 Nf6 2. c4 e6 3. Nc3 Bb4 4. f3 d5 5. e3 0-0 6. Bd3 c6 7. Nge2 dxc4 8. Bxc4 b5 9. Bb3 c5 10. 0-0 cxd4 11. Nxd4 a6 12. Bc2 e5 13. Nf5 Bxc3 14. bxc3 Bxf5 15. Bxf5 Qc7 16. Ba3 Rd8 17. Qc2 Nc6 18. Rfd1 Na5 19. Bb4 Nc4 20. Rxd8+ Rxd8 21. Qc1 a5 22. Ba3 Rd2 23. Rb1 Rxa2 24. Bb2 Nd5 25. Kf2 Ndxe3 26. Bd3 Nxb2 27. Rxb2 Rxb2+ 28. Qxb2 Nd1+ 0-1

[Event "Remote S7E Basic-70 email"]
[Site "Remote email"]
[Date "2013.10.25"]
[Round "?"]
[White "Hauswald, Frank"]
[Black "Fischer, Juergen"]
[Result "1-0"]
[WhiteElo "2079"]
[BlackElo "1679"]
[PlyCount "71"]
[EventDate "2013.??.??"]
[EventType "tourn (corr)"]
[EventRounds "6"]
[EventCountry "GER"]
[SourceTitle "Corr 2015"]
[Source "ChessBase"]
[SourceDate "2015.07.17"]
[SourceVersion "1"]
[SourceVersionDate "2015.07.17"]
[SourceQuality "1"]

1. e4 e5 2. Nf3 c6 3. d4 d5 4. Nxe5 Qe7 5. exd5 cxd5 6. Nc3 Nf6 7. Bg5 Be6 8. Bb5+ Nbd7 9. Qf3 0-0-0 10. Bxd7+ Rxd7 11. Bxf6 gxf6 12. Nxd7 Bxd7+ 13. Qe3 Qxe3+ 14. fxe3 Bb4 15. Kd2 Rg8 16. g3 Be6 17. Rhf1 f5 18. Kd3 a6 19. Ne2 Bd7 20. b3 Bb5+ 21. c4 Bd7 22. Rab1 b6 23. Nf4 dxc4+ 24. bxc4 Ba5 25. Nd5 Rg7 26. Nxb6+ Bxb6 27. Rxb6 a5 28. Rfb1 Kd8 29. Rb8+ Ke7 30. R1b7 f6 31. Rxd7+ Kxd7 32. Rb7+ Ke6 33. Rxg7 h5 34. c5 Kd5 35. a4 Kc6 36. Kc4 1-0

[Event "Remote Federal-ch email"]
[Site "Remote email"]
[Date "2013.09.12"]
[Round "?"]
[White "Hauswald, Frank"]
[Black "Gappel, Heinz"]
[Result "0-1"]
[WhiteElo "2079"]
[BlackElo "2428"]
[PlyCount "68"]
[EventDate "2013.??.??"]
[EventType "swiss (corr)"]
[EventRounds "12"]
[EventCountry "GER"]
[SourceTitle "Corr 2015"]
[Source "ChessBase"]
[SourceDate "2015.07.17"]
[SourceVersion "1"]
[SourceVersionDate "2015.07.17"]
[SourceQuality "1"]

1. e4 c5 2. Nf3 Nc6 3. d4 cxd4 4. Nxd4 Nf6 5. Nc3 e5 6. Ndb5 d6 7. Bg5 a6 8. Na3 b5 9. Bxf6 gxf6 10. Nab1 f5 11. g3 Be6 12. Bh3 b4 13. Nd5 fxe4 14. Bxe6 fxe6 15. Qh5+ Kd7 16. Qf7+ Be7 17. Nf6+ Kc7 18. Nxe4 Nd4 19. Kd1 Qd7 20. Nbd2 Raf8 21. Qh5 Rf5 22. Qh6 d5 23. g4 dxe4 24. gxf5 Nxf5 25. Qh5 Rd8 26. Qe2 Bg5 27. Qc4+ Kb6 28. Qxb4+ Ka7 29. h4 Bxd2 30. Qc5+ Ka8 31. Ke2 Nd4+ 32. Kf1 Qb7 33. f3 e3 34. Rh3 Qxb2 0-1

[Event "Remote Random-164 email"]
[Site "Remote email"]
[Date "2013.07.13"]
[Round "?"]
[White "Gottwald, Bernhard"]
[Black "Hauswald, Frank"]
[Result "0-1"]
[WhiteElo "1831"]
[BlackElo "2072"]
[PlyCount "50"]
[EventDate "2013.??.??"]
[EventType "tourn (corr)"]
[EventRounds "6"]
[EventCountry "GER"]
[SourceTitle "Corr 2015"]
[Source "ChessBase"]
[SourceDate "2015.07.17"]
[SourceVersion "1"]
[SourceVersionDate "2015.07.17"]
[SourceQuality "1"]

1. d4 Nf6 2. c4 e6 3. Nc3 Bb4 4. e3 0-0 5. Nf3 d5 6. Bd3 c5 7. 0-0 Nc6 8. cxd5 exd5 9. dxc5 Bxc5 10. a3 Bg4 11. b4 Bxf3 12. Qxf3 Ne5 13. Qe2 Nxd3 14. Qxd3 Bd6 15. f3 Be5 16. Bb2 Rc8 17. Rac1 Re8 18. Rfd1 Rc6 19. f4 Bxc3 20. Rxc3 Rce6 21. Qd4 Re4 22. Qd2 Ng4 23. Re1 Qe7 24. Qxd5 Qh4 25. h3 Qxe1# 0-1

[Event "Remote Random-164 email"]
[Site "Remote email"]
[Date "2013.07.13"]
[Round "?"]
[White "Hauswald, Frank"]
[Black "Henkel, Phil"]
[Result "1-0"]
[WhiteElo "2072"]
[BlackElo "1861"]
[PlyCount "79"]
[EventDate "2013.??.??"]
[EventType "tourn (corr)"]
[EventRounds "6"]
[EventCountry "GER"]
[SourceTitle "Corr 2015"]
[Source "ChessBase"]
[SourceDate "2015.07.17"]
[SourceVersion "1"]
[SourceVersionDate "2015.07.17"]
[SourceQuality "1"]

1. d4 Nf6 2. c4 e6 3. Nc3 Bb4 4. e3 0-0 5. Nf3 d5 6. Bd3 c5 7. 0-0 Nc6 8. a3 Bxc3 9. bxc3 dxc4 10. Bxc4 cxd4 11. cxd4 b6 12. Bb2 Bb7 13. Qe2 Na5 14. Bd3 Rc8 15. e4 h6 16. e5 Nd5 17. Qe4 Nf6 18. Qe2 Nd5 19. g3 Qd7 20. Rac1 Nb3 21. Rxc8 Rxc8 22. Bb5 Qe7 23. Qd3 Na5 24. Rb1 Nc6 25. Ba4 Na5 26. Nd2 h5 27. Rc1 Rxc1+ 28. Bxc1 h4 29. Bc2 g6 30. Ne4 hxg3 31. fxg3 Qc7 32. Nd6 Bc6 33. Bg5 Nb7 34. Ne4 Bd7 35. Bb3 Bc6 36. Bxd5 Bxd5 37. Nf6+ Kf8 38. Qb5 Bc6 39. Qb4+ Kg7 40. Bh6+ 1-0

[Event "Remote-ch Class3 email"]
[Site "Remote email"]
[Date "2013.04.01"]
[Round "?"]
[White "Hauswald, Frank"]
[Black "Buchmann, Hans Peter"]
[Result "0-1"]
[WhiteElo "2072"]
[BlackElo "2260"]
[PlyCount "70"]
[EventDate "2013.??.??"]
[EventType "tourn (corr)"]
[EventRounds "6"]
[EventCountry "GER"]
[SourceTitle "Corr 2015"]
[Source "ChessBase"]
[SourceDate "2015.07.17"]
[SourceVersion "1"]
[SourceVersionDate "2015.07.17"]
[SourceQuality "1"]

1. e4 e6 2. d4 d5 3. exd5 exd5 4. Nf3 Nc6 5. Bb5 Bd6 6. c4 dxc4 7. d5 a6 8. Ba4 b5 9. dxc6 bxa4 10. 0-0 Ne7 11. Qxa4 0-0 12. Nbd2 Rb8 13. a3 c3 14. bxc3 Be6 15. Qxa6 Bd5 16. Re1 Ng6 17. Nd4 Re8 18. N2f3 Bxf3 19. Nxf3 Nh4 20. Rxe8+ Qxe8 21. Qd3 Nxf3+ 22. gxf3 Qe5 23. f4 Qe1+ 24. Kg2 Bc5 25. Qc2 Rd8 26. Bb2 Qe6 27. Kg3 h5 28. h3 h4+ 29. Kh2 Qc4 30. Bc1 Rd3 31. Rb1 Qe4 32. f3 Qxf3 33. Qg2 Qd1 34. Rb8+ Kh7 35. Rb1 Rg3 0-1

[Event "Remote-ch Class3 email"]
[Site "Remote email"]
[Date "2013.04.01"]
[Round "?"]
[White "Hauswald, Frank"]
[Black "Kahl, Karl Heinz"]
[Result "0-1"]
[WhiteElo "2079"]
[BlackElo "2161"]
[PlyCount "120"]
[EventDate "2013.??.??"]
[EventType "tourn (corr)"]
[EventRounds "6"]
[EventCountry "GER"]
[SourceTitle "Corr 2015"]
[Source "ChessBase"]
[SourceDate "2015.07.17"]
[SourceVersion "1"]
[SourceVersionDate "2015.07.17"]
[SourceQuality "1"]

1. e4 c5 2. Nf3 d6 3. Bb5+ Bd7 4. Bxd7+ Qxd7 5. 0-0 Nf6 6. d3 Nc6 7. Bg5 e6 8. c4 Be7 9. Nc3 0-0 10. h3 Ne8 11. Bxe7 Qxe7 12. d4 cxd4 13. Nxd4 Qg5 14. Nf3 Qc5 15. b3 a6 16. a3 Nf6 17. Qd3 Rfd8 18. Rfd1 Rac8 19. b4 Qb6 20. Rac1 Ne7 21. Ne2 a5 22. Rb1 axb4 23. Rxb4 Qa6 24. e5 Nd7 25. exd6 Nc5 26. Qc2 Rxd6 27. Rxd6 Qxd6 28. Rb1 Qa6 29. Qc3 Nf5 30. Qb4 Nd6 31. Nd2 Nd7 32. Nc3 Ne5 33. Nb5 Ndxc4 34. Rc1 Nb6 35. Rxc8+ Nxc8 36. Qd4 Ng6 37. Qd8+ Nf8 38. Qxc8 Qxb5 39. Nc4 h6 40. Nd6 Qe5 41. Nxb7 Qe1+ 42. Kh2 Qxf2 43. Qc6 Qf4+ 44. Kh1 e5 45. Nd6 Qf6 46. a4 e4 47. Nc8 Qa1+ 48. Kh2 Qe5+ 49. Kg1 e3 50. Qb5 Qe4 51. Qe2 Ne6 52. Qf3 Qb1+ 53. Qf1 Qc2 54. Ne7+ Kf8 55. Nf5 e2 56. Qe1 Qd1 57. Kf2 Nf4 58. Qb4+ Kg8 59. Ne7+ Kh7 60. Qe4+ g6 0-1

[Event "Remote Easter email"]
[Site "Remote email"]
[Date "2013.04.01"]
[Round "?"]
[White "Hauswald, Frank"]
[Black "Langschmidt, Dirk"]
[Result "1/2-1/2"]
[WhiteElo "2079"]
[BlackElo "1923"]
[PlyCount "63"]
[EventDate "2013.??.??"]
[EventType "tourn (corr)"]
[EventRounds "8"]
[EventCountry "GER"]
[SourceTitle "Corr 2015"]
[Source "ChessBase"]
[SourceDate "2015.07.17"]
[SourceVersion "1"]
[SourceVersionDate "2015.07.17"]
[SourceQuality "1"]

1. e4 c5 2. Nf3 d6 3. Bb5+ Bd7 4. Bxd7+ Qxd7 5. 0-0 Nc6 6. c4 g6 7. d4 cxd4 8. Nxd4 Bg7 9. Be3 Nf6 10. f3 0-0 11. Nc3 Rfc8 12. b3 b6 13. a3 Qb7 14. Nxc6 Rxc6 15. Bd4 Rac8 16. Rb1 a6 17. Nd5 Nxd5 18. exd5 Bxd4+ 19. Qxd4 Rc5 20. Rfe1 b5 21. Qh4 R8c7 22. Kh1 bxc4 23. bxc4 Qc8 24. Rxe7 Rxc4 25. Rxc7 Qxc7 26. Qg5 Kg7 27. Qd2 Qc5 28. Qb2+ Qd4 29. h3 a5 30. Qxd4+ Rxd4 31. Rb5 a4 32. Ra5 1/2-1/2

[Event "Remote-ch Class3 email"]
[Site "Remote email"]
[Date "2013.04.01"]
[Round "?"]
[White "Hauswald, Frank"]
[Black "Schulz, Peter"]
[Result "1-0"]
[WhiteElo "2072"]
[BlackElo "1824"]
[PlyCount "57"]
[EventDate "2013.??.??"]
[EventType "tourn (corr)"]
[EventRounds "6"]
[EventCountry "GER"]
[SourceTitle "Corr 2015"]
[Source "ChessBase"]
[SourceDate "2015.07.17"]
[SourceVersion "1"]
[SourceVersionDate "2015.07.17"]
[SourceQuality "1"]

1. e4 g6 2. d4 d6 3. Nf3 Bg7 4. c3 c6 5. Bd3 Qc7 6. 0-0 Nd7 7. Re1 e5 8. b3 Ngf6 9. Nbd2 0-0 10. Ba3 b6 11. dxe5 Ne8 12. exd6 Nxd6 13. e5 Nb7 14. Bxf8 Nxf8 15. Qe2 Nd8 16. Ne4 Nde6 17. g3 Bb7 18. Nd6 Nc5 19. Bc4 Nfe6 20. Nd4 b5 21. Bxe6 fxe6 22. b4 Na4 23. Nxe6 Qe7 24. Nxg7 Qxg7 25. e6 Qe7 26. Qe5 Rf8 27. Rad1 Nb6 28. Nf7 Rxf7 29. exf7+ 1-0

[Event "Remote Pyramide email"]
[Site "Remote email"]
[Date "2013.03.22"]
[Round "?"]
[White "Henkel, Phil"]
[Black "Hauswald, Frank"]
[Result "0-1"]
[WhiteElo "1817"]
[BlackElo "2072"]
[PlyCount "92"]
[EventDate "2013.??.??"]
[EventType "tourn (corr)"]
[EventRounds "6"]
[EventCountry "GER"]
[SourceTitle "Corr 2015"]
[Source "ChessBase"]
[SourceDate "2015.07.17"]
[SourceVersion "1"]
[SourceVersionDate "2015.07.17"]
[SourceQuality "1"]

1. d4 d5 2. Bf4 Nf6 3. Nc3 Bf5 4. e3 e6 5. Nf3 Bb4 6. Bd3 Ne4 7. 0-0 Bxc3 8. bxc3 Nxc3 9. Qd2 Ne4 10. Bxe4 dxe4 11. Ne5 f6 12. Nc4 b5 13. Na5 0-0 14. Rab1 e5 15. Bg3 a6 16. Rfd1 Bg4 17. Rdc1 Qd7 18. c4 c6 19. Qc3 exd4 20. exd4 Rd8 21. Nb3 Be2 22. c5 Bd3 23. Rb2 a5 24. Nxa5 Qxd4 25. Bxb8 Qxc3 26. Rxc3 Rc8 27. Nxc6 Rxc6 28. Bd6 Rca6 29. h4 Kf7 30. Kh2 Ke6 31. Kg3 Kd5 32. Rc1 Ra3 33. Kh2 Kc6 34. Ra1 Bc4 35. Rc2 Bxa2 36. Rb2 f5 37. g3 Bd5 38. Rxa3 Rxa3 39. Bf8 g6 40. Rb1 Ra2 41. Kg1 b4 42. Rxb4 Ra1+ 43. Kh2 e3 44. Rb6+ Kc7 45. Bd6+ Kd7 46. g4 exf2 0-1

[Event "Remote S5E No Engine Pyramide email"]
[Site "Remote email"]
[Date "2013.03.18"]
[Round "?"]
[White "Hauswald, Frank"]
[Black "Neumann, Andreas"]
[Result "0-1"]
[WhiteElo "2079"]
[BlackElo "2130"]
[PlyCount "106"]
[EventDate "2013.??.??"]
[EventType "tourn (corr)"]
[EventRounds "6"]
[EventCountry "GER"]
[SourceTitle "Corr 2015"]
[Source "ChessBase"]
[SourceDate "2015.07.17"]
[SourceVersion "1"]
[SourceVersionDate "2015.07.17"]
[SourceQuality "1"]

1. e4 e5 2. Nf3 Nf6 3. Nxe5 d6 4. Nf3 Nxe4 5. d4 d5 6. Bd3 Nc6 7. 0-0 Be7 8. c4 Nb4 9. Re1 Nxd3 10. Qxd3 c6 11. cxd5 cxd5 12. Qb5+ Qd7 13. Qxd7+ Bxd7 14. Nc3 Nxc3 15. bxc3 Be6 16. Bf4 Rc8 17. Re3 b6 18. Rae1 0-0 19. h3 Ba3 20. Ng5 h6 21. Nxe6 fxe6 22. Be5 Be7 23. Bg3 Bf6 24. Kf1 Rc6 25. Rxe6 Rxc3 26. Bd6 Rfc8 27. Be5 Bxe5 28. R6xe5 Ra3 29. Ra1 Ra5 30. a3 Rc4 31. Rd1 Rc3 32. a4 Rc4 33. Ke2 Rcxa4 34. Ke3 Ra2 35. Rd2 R5a3+ 36. Ke2 Rxd2+ 37. Kxd2 Ra5 38. Kc3 Rb5 39. Re7 a5 40. h4 a4 41. Ra7 Rb3+ 42. Kc2 b5 43. Ra8+ Kf7 44. Rd8 Rb4 45. Rxd5 a3 46. Rd7+ Kf6 47. Ra7 Rb2+ 48. Kd3 a2 49. g4 b4 50. Ra6+ Ke7 51. Kc4 b3 52. Ra7+ Kd6 53. f4 Rb1 0-1

[Event "Remote S7E Basic-63 email"]
[Site "Remote email"]
[Date "2013.02.27"]
[Round "?"]
[White "Mantau, Jan"]
[Black "Hauswald, Frank"]
[Result "1/2-1/2"]
[WhiteElo "2067"]
[BlackElo "2076"]
[PlyCount "79"]
[EventDate "2013.??.??"]
[EventType "tourn (corr)"]
[EventRounds "6"]
[EventCountry "GER"]
[SourceTitle "Corr 2015"]
[Source "ChessBase"]
[SourceDate "2015.07.17"]
[SourceVersion "1"]
[SourceVersionDate "2015.07.17"]
[SourceQuality "1"]

1. e4 e6 2. d4 d5 3. Nc3 Bb4 4. e5 Ne7 5. a3 Bxc3+ 6. bxc3 c5 7. Qg4 Qc7 8. Qxg7 Rg8 9. Qxh7 cxd4 10. Ne2 Nbc6 11. f4 Bd7 12. Bb2 dxc3 13. Nxc3 Qa5 14. 0-0-0 a6 15. Qd3 b5 16. Na2 Rb8 17. Qb3 b4 18. axb4 Nxb4 19. Nxb4 Rxb4 20. Bc3 Rxb3 21. Bxa5 Ra3 22. Bb4 Ra4 23. Bxe7 Kxe7 24. g3 d4 25. Bd3 Bc6 26. Rhg1 a5 27. Kd2 f6 28. exf6+ Kxf6 29. h4 Bf3 30. Rdf1 Bg4 31. Ra1 Rxa1 32. Rxa1 Bh3 33. Rxa5 Rxg3 34. h5 Rg2+ 35. Ke1 Bf5 36. Ra4 Rh2 37. Rxd4 Rxh5 38. Kd2 Rh2+ 39. Kc3 Rf2 40. Bxf5 1/2-1/2

[Event "Remote S7E Basic-63 email"]
[Site "Remote email"]
[Date "2013.02.27"]
[Round "?"]
[White "Muster, Wolfgang"]
[Black "Hauswald, Frank"]
[Result "1-0"]
[WhiteElo "2000"]
[BlackElo "2076"]
[PlyCount "93"]
[EventDate "2013.??.??"]
[EventType "tourn (corr)"]
[EventRounds "6"]
[EventCountry "GER"]
[SourceTitle "Corr 2015"]
[Source "ChessBase"]
[SourceDate "2015.07.17"]
[SourceVersion "1"]
[SourceVersionDate "2015.07.17"]
[SourceQuality "1"]

1. d4 d5 2. c4 e6 3. Nc3 c6 4. e3 Nf6 5. Nf3 Nbd7 6. Bd3 dxc4 7. Bxc4 b5 8. Bd3 b4 9. Ne4 Nxe4 10. Bxe4 Bb7 11. Qc2 Rc8 12. 0-0 f5 13. Bd3 c5 14. e4 cxd4 15. Qe2 fxe4 16. Bxe4 Bxe4 17. Qxe4 Nc5 18. Qg4 d3 19. Be3 Qd5 20. Rfe1 Ne4 21. Bd4 Nc5 22. Re5 Qd7 23. Bxc5 Bxc5 24. Rxe6+ Be7 25. Rxe7+ Kxe7 26. Re1+ Kd6 27. Qf4+ Kc5 28. Re5+ Kc6 29. Qe4+ Kc7 30. Re7 Rhd8 31. g4 Qxe7 32. Qxe7+ Rd7 33. Qc5+ Kd8 34. Qf8+ Kc7 35. Qf4+ Kd8 36. Nd4 b3 37. axb3 a6 38. Qg5+ Ke8 39. Qe3+ Re7 40. Qxd3 Rd8 41. Qc4 g6 42. Nc6 Re1+ 43. Kg2 Rdd1 44. Qxa6 Kd7 45. b4 Kc7 46. b5 Ra1 47. Na5 1-0

[Event "Remote S7E Basic-63 email"]
[Site "Remote email"]
[Date "2013.02.27"]
[Round "?"]
[White "Quinones Borda, Jorge Victor"]
[Black "Hauswald, Frank"]
[Result "1-0"]
[WhiteElo "1937"]
[BlackElo "2076"]
[PlyCount "83"]
[EventDate "2013.??.??"]
[EventType "tourn (corr)"]
[EventRounds "6"]
[EventCountry "GER"]
[SourceTitle "Corr 2015"]
[Source "ChessBase"]
[SourceDate "2015.07.17"]
[SourceVersion "1"]
[SourceVersionDate "2015.07.17"]
[SourceQuality "1"]

1. d4 d5 2. e4 dxe4 3. Nc3 Nf6 4. f3 exf3 5. Nxf3 Bg4 6. h3 Bh5 7. g4 Bg6 8. Ne5 e6 9. Bg2 c6 10. h4 Bb4 11. 0-0 Bxc2 12. Qd2 0-0 13. Rf4 Ba4 14. Qf2 Bxc3 15. bxc3 Qe7 16. g5 Nd5 17. Rf3 Bd1 18. Rh3 f6 19. gxf6 Nxf6 20. a4 Ng4 21. Qg3 Nxe5 22. Ba3 Qf7 23. Rxd1 Ng6 24. Rf1 Qd7 25. Bxf8 Nxf8 26. Qg5 Na6 27. Rhf3 Ng6 28. h5 Nh8 29. Rf6 Nc7 30. Be4 Nd5 31. Rh6 Nf7 32. Bxh7+ Kh8 33. Rxf7 Qxf7 34. Bg6+ gxh6 35. Qxh6+ Kg8 36. Bxf7+ Kxf7 37. Qh7+ Kf6 38. Qg6+ Ke7 39. c4 Nc3 40. Qg7+ Kd6 41. Qg3+ Ke7 42. Qxc3 1-0

[Event "Remote 1.MNS email"]
[Site "Remote email"]
[Date "2013.01.15"]
[Round "?"]
[White "Hauswald, Frank"]
[Black "Schulz, Peter"]
[Result "1-0"]
[WhiteElo "2054"]
[BlackElo "1876"]
[PlyCount "47"]
[EventDate "2013.??.??"]
[EventType "tourn (corr)"]
[EventRounds "6"]
[EventCountry "GER"]
[SourceTitle "Corr 2015"]
[Source "ChessBase"]
[SourceDate "2015.07.17"]
[SourceVersion "1"]
[SourceVersionDate "2015.07.17"]
[SourceQuality "1"]

1. e4 e5 2. Nf3 Nf6 3. Nxe5 d6 4. Nf3 Nxe4 5. Bd3 d5 6. Qe2 Qe7 7. 0-0 Nc6 8. Re1 Bf5 9. Bb5 Bd7 10. c4 Nf6 11. Qd1 Be6 12. Ne5 Qd6 13. Qa4 Be7 14. Nxc6 Nd7 15. Nxe7 Kxe7 16. cxd5 Nb6 17. Qh4+ Kf8 18. dxe6 fxe6 19. b3 c6 20. Ba3 c5 21. d4 Nd7 22. dxc5 Nxc5 23. Nc3 a5 24. Ne4 1-0